Geography Quiz

Random Geography or World Quiz

'C' World Metros Quiz Stats

 Plays Quiz Updated Jul 13, 2018

Score 0/20 Timer 07:00
3 Plays Today
Rank City % Correct
27Chicago, USA
84.9%
16Cairo, Egypt
73.7%
80Caracas, Venezuela
56.2%
143Cleveland, USA
47.7%
196Cincinnati, USA
45.6%
95Cape Town, South Africa
42%
232Cologne, Germany
33.6%
90Casablanca, Morocco
30.5%
38Chennai, India
30.5%
162Colombo, Sri Lanka
24.6%
Rank City % Correct
145Cali, Colombia
22.2%
59Chengdu, China
21.4%
48Chongqing, China
19.6%
72Chittagong, Bangladesh
17.4%
111Curitiba, Brazil
14.4%
171Cebu, Philippines
12.3%
143Changsha, China
9.7%
140Campinas, Brazil
9.2%
108Changchun, China
8.5%
227Coimbatore, India
7.1%

You're not logged in!

Compare scores with friends on all Sporcle quizzes.
OR
Log In

Sporcle TV

Today on Sporcle TV


Watch our educational content, quiz creation guides, and fun videos on Sporcle TV.

Show Comments

Extras

Top Quizzes Today


Score Distribution

Your Account Isn't Verified!

In order to create a playlist on Sporcle, you need to verify the email address you used during registration. Go to your Sporcle Settings to finish the process.

Report this User

Report this user for behavior that violates our Community Guidelines.

Details: